'P' Musical Songs Quiz Stats

 Plays Quiz not verified by Sporcle

Challenge
Share
Tweet
Score 0/20 Timer 05:00
0 Plays Today
% Correct
Part Of Your World
92%
Poor, Poor Joseph
88.4%
Popular
86.6%
Pinball Wizard
82.1%
Pirelli's Miracle Elixir
75%
People Will Say We're In Love
74.1%
Proud Of Your Boy
68.8%
Planet, Schmanet
68.8%
Put On A Happy Face
67.9%
People
64.3%
% Correct
Put On Your Sunday Clothes
62.5%
Pickalittle (Talk-a-Little)
55.4%
Purpose
50.9%
Pathetic
49.1%
Prisoners Of Love
41.1%
Public Enemy Number One
36.6%
Please Don't Touch Me
35.7%
Posh!
33.9%
Play The Game
31.3%
Pieces Of Lives
26.8%

You're not logged in!

Compare scores with friends on all Sporcle quizzes.
Join for Free
OR
Log In

You Might Also Like...

Show Comments

Extras

Top Quizzes Today


Score Distribution

Your Account Isn't Verified!

In order to create a playlist on Sporcle, you need to verify the email address you used during registration. Go to your Sporcle Settings to finish the process.

Report this User

Report this user for behavior that violates our Community Guidelines.

Details: